| Tag |
First Indicator |
Second Indicator |
Subfields |
| LEADER |
00000pam a22000004a 4500 |
| 001 |
in00001702421 |
| 005 |
20151024155031.0 |
| 008 |
020322s2002 nju b 001 0 eng |
| 010 |
|
|
|a 2002024254
|
| 020 |
|
|
|a 0805840621 (cloth : alk. paper)
|
| 020 |
|
|
|a 080584063X (pbk. : alk. paper)
|
| 035 |
|
|
|a (OCoLC)ocm49421727
|
| 040 |
|
|
|a DLC
|c DLC
|d TXA
|d UtOrBLW
|
| 042 |
|
|
|a pcc
|
| 049 |
|
|
|a TXAM
|
| 050 |
0 |
0 |
|a LB1779
|b .E76 2002
|
| 082 |
0 |
0 |
|a 174/.9382
|2 21
|
| 245 |
0 |
4 |
|a The ethics of teaching :
|b a casebook /
|c Patricia Keith-Spiegel [and others].
|
| 250 |
|
|
|a 2nd ed.
|
| 264 |
|
1 |
|a Mahwah, NJ :
|b Lawrence Erlbaum,
|c 2002.
|
| 300 |
|
|
|a xxi, 273 pages ;
|c 25 cm.
|
| 336 |
|
|
|a text
|b txt
|2 rdacontent
|
| 337 |
|
|
|a unmediated
|b n
|2 rdamedia
|
| 338 |
|
|
|a volume
|b nc
|2 rdacarrier
|
| 504 |
|
|
|a Includes bibliographical references (pages 266-267) and index.
|
| 650 |
|
0 |
|a College teachers
|x Professional ethics
|v Case studies.
|
| 650 |
|
0 |
|a College teaching
|x Moral and ethical aspects
|v Case studies.
|
| 700 |
1 |
|
|a Keith-Spiegel, Patricia.
|
| 948 |
|
|
|a cataloged
|b h
|c 2002/9/27
|d c
|e ceaton
|f 2:20:29 pm
|
| 994 |
|
|
|a E0
|b TXA
|
| 999 |
|
|
|a MARS
|
| 999 |
f |
f |
|s 25e3dc10-fc02-32dd-8678-4b7fe9e503fb
|i 46aeef8f-66a4-3f0c-9140-d5fe896cf65b
|t 0
|
| 952 |
f |
f |
|p normal
|a Texas A&M University
|b College Station
|c Sterling C. Evans Library
|d Evans: Library Stacks
|t 0
|e LB1779 .E76 2002
|h Library of Congress classification
|i unmediated -- volume
|m A14829143822
|
| 998 |
f |
f |
|a LB1779 .E76 2002
|t 0
|l Evans: Library Stacks
|